Phân tích chuỗi thời gian trong tài chính : Luận văn Thạc sĩ chuyên ngành Lý thuyết xác suất và thống kê toán học

Đề tài cung cấp một số kiến thức cơ bản về phân tích chuỗi thời gian, mô hình hóa, ước lượng và kiểm định một số mô hình kinh tế lượng trong kinh tế - tài chính.

Wedi'i Gadw mewn:
Manylion Llyfryddiaeth
Prif Awdur: Nguyễn, Thanh Ngọc
Fformat: Llyfr
Iaith:Undetermined
Cyhoeddwyd: Cần Thơ Trường Đại học Cần Thơ 2012
Pynciau:
Tagiau: Ychwanegu Tag
Dim Tagiau, Byddwch y cyntaf i dagio'r cofnod hwn!
Thư viện lưu trữ: Trung tâm Học liệu Trường Đại học Cần Thơ
LEADER 01063nam a2200217Ia 4500
001 CTU_177758
008 210402s9999 xx 000 0 und d
082 |a 519.2 
082 |b Ng419 
088 |a 60460106 
100 |a Nguyễn, Thanh Ngọc 
245 0 |a Phân tích chuỗi thời gian trong tài chính : 
245 0 |b Luận văn Thạc sĩ chuyên ngành Lý thuyết xác suất và thống kê toán học 
245 0 |c Nguyễn Thanh Ngọc ; Lê Sĩ Đồng (Hướng dẫn khoa học) 
260 |a Cần Thơ 
260 |b Trường Đại học Cần Thơ 
260 |c 2012 
520 |a Đề tài cung cấp một số kiến thức cơ bản về phân tích chuỗi thời gian, mô hình hóa, ước lượng và kiểm định một số mô hình kinh tế lượng trong kinh tế - tài chính. 
650 |a Mathematical statistics,Toán thống kê 
904 |i Hải 
980 |a Trung tâm Học liệu Trường Đại học Cần Thơ